Mecánica aplicada dinámica

Guardat en:
Dades bibliogràfiques
Autor principal: Housner, George William, 1910-
Altres autors: Hudson, Donald E., 1916-
Format: Llibre
Idioma:Spanish
Publicat: México : Continental, 1960
Matèries:
Etiquetes: Afegir etiqueta
Sense etiquetes, Sigues el primer a etiquetar aquest registre!

MARC

LEADER 00000nam a2200000Ia 4500
003 000248
005 20230809094635.0
008 140114s1960 mx a 000 | spa d
040 |c cru CEDI 
100 |a Housner, George William, 1910-  |9 19581 
245 |a Mecánica aplicada dinámica 
260 |a  México : Continental,  |c  1960 
300 |a  396 páginas : ilustraciones 
500 |a Reimpresiones: 1964,1969, 1972. 
650 |x DINAMICA   |x MECANICA APLICADA  |9 19583 
700 |9 19582  |a Hudson, Donald E., 1916- 
942 |2 ddc  |c CEDI  |h 620.1 H842m  |6 620_100000000000000_H842M 
999 |c 14754  |d 14754